000 00662nam a2200217Ii 4500
003 JO-AjNU
008 230605s9999||||xx |||||||||||||| ||und||
017 _a1988/9/1030
040 _aJO-AjNU
_bara
_erda
_cJO-AjNU
041 _aara
050 1 4 _aPJ7510.D3664 1988
100 3 _aالدقاق، عمر,
_eauthor
_920932
245 0 0 _aمواكب الأدب العربي عبر العصور
250 _aط1
264 3 1 _aدمشق: دار طلاس، 1988
300 _a296ص
336 _atext
_btxt
_2rdacontent
337 _aunmediated
_bn
_2rdamedia
338 _avolume
_bnc
_2rdacarrier
650 4 _aالأدب العربي - تاريخ ونقد
_920933
999 _aA7187
_c10755
_d10755